000 00292nam a22001217a 4500
008 171207b xxu||||| |||| 00| 0 eng d
041 _aeng
080 _27 ED
_a33
100 _a50
101 _aECO
245 _aESSENTIAL FOUNDATION FOUNDATIONS OF ECONOMICS
_cBADE.R
942 _2udc
_cBK
999 _c38811
_d38811